Statistics for COVID-19(Coronavirus) Facts Quiz

Click here to take the quiz!

General Stats

  • This quiz has been taken 191 times
    (155 since last reset)
  • The average score is 16 of 59

Answer Stats

QuestionAnswer% Correct
What is the city that started the virus?Wuhan
93%
What part of the body does the Coronaviruses affect?Lungs
83%
10United States
71%
What country have the most deaths from the virus other than China?Italy
63%
3Italy
63%
12United Kingdom
56%
Name all countries with more than 100 COVID-19 cases(this will be updated everyday until the epidemic ends)China
52%
Who was the whistle-blower doctor that alerted the community of the virus and got killed from it few weeks after?Li WenLiang
51%
23Canada
48%
6France
47%
5Japan
44%
8Spain
44%
What is the cruise ship that boarded in Yokohama which has over 700 people affected?Diamond Princess
41%
7Germany
41%
30Brazil
39%
2South Korea
39%
What are 3 common symptoms of the virus?Dry Cough
38%
44India
38%
Which province in Italy have the most cases?Lombardy
31%
4Iran
30%
2Fever
29%
16Sweden
28%
14Belgium
27%
What does "COVID-19" stand for?Coronavirus disease 2019
27%
31Ireland
27%
26Portugal
26%
17Austria
25%
13Netherlands
25%
22Australia
24%
15Norway
24%
18Denmark
23%
28Finland
22%
24Greece
20%
41Indonesia
20%
42Iraq
19%
34Pakistan
18%
9Singapore
18%
39Thailand
18%
11Switzerland
17%
35Poland
16%
37Egypt
15%
21Malaysia
13%
43Saudi Arabia
13%
27Israel
10%
32Estonia
9%
33Iceland
8%
36Romania
8%
38Chile
7%
25Czech Republic
7%
19Qatar
7%
20Bahrain
4%
Which city in South Korea have the most COVID-19 cases?Daegu
4%
3Fatigue
4%
45Kuwait
4%
46Lebanon
4%
29Slovenia
4%
40Philipines
2%
47San Marino
1%
What was the religious act in South Korea that started a mass outbreak of the virus?ShinCheonJi
1%

Score Distribution

Percentile by Number Answered

Percent of People with Each Score

Your Score History

You have not taken this quiz since the last reset